Les préfectures sans .... ou avec... (2) - Statistiques

Statistiques générales
  • Ce quiz a été pris 47 fois
    27 depuis la dernière actualisation
  • Le résultat moyen est 76 sur 97
Statistiques - réponses
Hint Réponse % Correct
Ne commence pas par R mais avec au moins un R Saint-Brieuc
100%
Ne commence pas par N mais avec au moins un N Saint-Brieuc
100%
Ne commence pas par N mais avec au moins un N Agen
94%
Ne commence pas par N mais avec au moins un N Amiens
94%
Ne commence pas par N mais avec au moins un N Annecy
94%
Ne commence pas par N mais avec au moins un N Moulins
94%
Ne commence pas par R mais avec au moins un R Perpignan
94%
Ne commence pas par N mais avec au moins un N Perpignan
94%
Ne commence pas par N mais avec au moins un N Valence
94%
Ne commence pas par R mais avec au moins un R Angers
89%
Ne commence pas par N mais avec au moins un N Angers
89%
Ne commence pas par N mais avec au moins un N Chaumont
89%
Ne commence pas par N mais avec au moins un N Digne-les-Bains
89%
Ne commence pas par R mais avec au moins un R Grenoble
89%
Ne commence pas par N mais avec au moins un N Grenoble
89%
Ne commence pas par N mais avec au moins un N Le Mans
89%
Ne commence pas par R mais avec au moins un R Lons-le-Saunier
89%
Ne commence pas par N mais avec au moins un N Lons-le-Saunier
89%
Ne commence pas par N mais avec au moins un N Lyon
89%
Ne commence pas par N mais avec au moins un N Melun
89%
Ne commence pas par P mais avec au moins un P Montpellier
89%
Ne commence pas par N mais avec au moins un N Montpellier
89%
Ne commence pas par R mais avec au moins un R Paris
89%
Ne commence pas par N mais avec au moins un N Saint-Étienne
89%
Ne commence pas par N mais avec au moins un N Vannes
89%
Ne commence pas par N mais avec au moins un N Angoulême
83%
Ne commence pas par R mais avec au moins un R Bourg-en-Bresse
83%
Ne commence pas par N mais avec au moins un N Bourg-en-Bresse
83%
Ne commence pas par R mais avec au moins un R Carcassonne
83%
Ne commence pas par N mais avec au moins un N Carcassonne
83%
Ne commence pas par P mais avec au moins un P Châlons-en-Champagne
83%
Ne commence pas par N mais avec au moins un N Châlons-en-Champagne
83%
Ne commence pas par R mais avec au moins un R Châteauroux
83%
Ne commence pas par N mais avec au moins un N Dijon
83%
Ne commence pas par N mais avec au moins un N Fort-de-France
83%
Ne commence pas par N mais avec au moins un N Laon
83%
Ne commence pas par R mais avec au moins un R La Roche-sur-Yon
83%
Ne commence pas par N mais avec au moins un N La Roche-sur-Yon
83%
Ne commence pas par R mais avec au moins un R Marseille
83%
Ne commence pas par R mais avec au moins un R Privas
83%
Ne commence pas par N mais avec au moins un N Rennes
83%
Ne commence pas par N mais avec au moins un N Saint-Denis
83%
Ne commence pas par N mais avec au moins un N Saint-Lô
83%
Ne commence pas par N mais avec au moins un N Toulon
83%
Ne commence pas par R mais avec au moins un R Tours
83%
Ne commence pas par R mais avec au moins un R Arras
78%
Ne commence pas par R mais avec au moins un R Aurillac
78%
Ne commence pas par N mais avec au moins un N Avignon
78%
Ne commence pas par R mais avec au moins un R Bordeaux
78%
Ne commence pas par N mais avec au moins un N Caen
78%
Ne commence pas par R mais avec au moins un R Chambéry
78%
Ne commence pas par R mais avec au moins un R Évry-Courcouronnes
78%
Ne commence pas par N mais avec au moins un N Évry-Courcouronnes
78%
Ne commence pas par P mais avec au moins un P Gap
78%
Ne commence pas par N mais avec au moins un N Mâcon
78%
Ne commence pas par N mais avec au moins un N Mende
78%
Ne commence pas par R mais avec au moins un R Mont-de-Marsan
78%
Ne commence pas par N mais avec au moins un N Mont-de-Marsan
78%
Ne commence pas par R mais avec au moins un R Orléans
78%
Ne commence pas par N mais avec au moins un N Orléans
78%
Ne commence pas par R mais avec au moins un R Quimper
78%
Ne commence pas par P mais avec au moins un P Quimper
78%
Ne commence pas par N mais avec au moins un N Rouen
78%
Ne commence pas par R mais avec au moins un R Auxerre
72%
Ne commence pas par R mais avec au moins un R Belfort
72%
Ne commence pas par N mais avec au moins un N Besançon
72%
Ne commence pas par N mais avec au moins un N Cayenne
72%
Ne commence pas par R mais avec au moins un R Charleville-Mézières
72%
Ne commence pas par R mais avec au moins un R Clermont-Ferrand
72%
Ne commence pas par N mais avec au moins un N Clermont-Ferrand
72%
Ne commence pas par R mais avec au moins un R Créteil
72%
Ne commence pas par N mais avec au moins un N Montauban
72%
Ne commence pas par R mais avec au moins un R Poitiers
72%
Ne commence pas par R mais avec au moins un R Strasbourg
72%
Ne commence pas par R mais avec au moins un R Tarbes
72%
Ne commence pas par N mais avec au moins un N Alençon
67%
Ne commence pas par R mais avec au moins un R Cahors
67%
Ne commence pas par R mais avec au moins un R Colmar
67%
Ne commence pas par P mais avec au moins un P Épinal
67%
Ne commence pas par N mais avec au moins un N Épinal
67%
Ne commence pas par R mais avec au moins un R Évreux
67%
Ne commence pas par R mais avec au moins un R La Rochelle
67%
Ne commence pas par R mais avec au moins un R Nevers
67%
Ne commence pas par R mais avec au moins un R Niort
67%
Ne commence pas par R mais avec au moins un R Versailles
67%
Ne commence pas par R mais avec au moins un R Bourges
61%
Ne commence pas par R mais avec au moins un R Cergy
61%
Ne commence pas par R mais avec au moins un R Chartres
61%
Ne commence pas par R mais avec au moins un R Guéret
61%
Ne commence pas par R mais avec au moins un R Nanterre
61%
Ne commence pas par R mais avec au moins un R Troyes
61%
Ne commence pas par R mais avec au moins un R Basse-Terre
56%
Ne commence pas par N mais avec au moins un N Bobigny
56%
Ne commence pas par P mais avec au moins un P Le Puy-en-Velay
56%
Ne commence pas par N mais avec au moins un N Le Puy-en-Velay
56%
Ne commence pas par R mais avec au moins un R Périgueux
56%
Ne commence pas par R mais avec au moins un R Bar-le-Duc
50%
Aucun quiz correspondant
Distribution des résultats
% des personnes avec chaque résultat
Percentile par nombre de réponses
Votre historique - résultats
Vous n’avez pas pris ce quiz depuis la dernière actualisation